000 08052namaa22004331i 4500
003 EG-GICUC
005 20260427132237.0
008 260414s2025 ua a|||frm||| 000 0 eng d
040 _aEG-GICUC
_beng
_cEG-GICUC
_dEG-GICUC
_erda
041 0 _aeng
_beng
_bara
049 _aDeposit
082 0 4 _a615.82
092 _a615.82
_221
097 _aM.Sc
099 _aCai01.21.13.M.Sc.2025.Em.E
100 0 _aEman Fathy Lotfy Shehata,
_epreparation.
245 1 0 _aEffect of virtual reality on postural control and functional outcome in patients with parkinson’s disease :
_bA systematic review /
_cby Eman Fathy Lotfy Shehata ; Supervisors Prof. Dr. Shaimaa Mohamed Abdelmageed, Dr.Rowida Abd-Elgalel Sayed.
246 1 5 _aتأثير الواقع الافتراضي على التحكم في وضعية الجسم والناتج الوظيفي لدى مرضى الشلل الرعاش :
_bمراجعة منهجية
264 0 _c2025.
300 _a88 pages :
_billustrations ;
_c25 cm. +
_eCD.
336 _atext
_2rda content
337 _aUnmediated
_2rdamedia
338 _avolume
_2rdacarrier
502 _aThesis (M.Sc)-Cairo University, 2025.
504 _aBibliography: pages 88-111.
520 3 _aBackground: Parkinson’s disease (PD) is characterized by bradykinesia, rigidity, and postural instability, leading to falls and loss of independence. Virtual reality (VR)-based rehabilitation provides task-specific, feedback-driven training that may enhance balance and functional performance; however, its effectiveness compared with conventional therapy remains uncertain. Objective: To evaluate the effect of VR-based rehabilitation on postural control and functional outcome in adults with PD, compared with conventional physical therapy. Methods: This systematic review and meta-analysis followed PRISMA 2020 guidelines and included randomized controlled trials (RCTs) published between 2015 and 2023. PubMed, Cochrane CENTRAL, PEDro, and Google Scholar were searched. Two reviewers independently screened and extracted data. The primary outcome was postural control, and the secondary outcome was functional performance. Methodological quality was assessed using the PEDro scale, and the level of evidence was graded with a modified Sackett scale. Pooled mean differences (MD) with 95% confidence intervals (CI) were calculated, and heterogeneity assessed using the I² statistic. Results: Nine RCTs (n = 360) met the inclusion criteria, all demonstrating “good” methodological quality (PEDro scores ranged from 7 to 8). Pooled analysis of seven trials (BBS, n = 239) showed significant improvement in postural control favoring VR (MD = +2.32, 95% CI 1.26–3.38; p < 0.0001), although the mean change was below the established BBS MCID range (3.5–6 points). Functional performance (TUG; six trials, n = 219) favored VR (MD = −0.61 s, 95% CI −1.36 to 0.15; p = 0.12) without statistical significance. Conclusions: VR-based rehabilitation significantly improves postural control in Parkinson’s disease compared with conventional therapy, while evidence for functional outcome remains inconclusive. Overall, VR appears to be a safe, feasible, and promising adjunct to physiotherapy for enhancing motor recovery in PD.
520 3 _aالخلفية: يتميز مرض الشلل الرعاش ببطء الحركة، وتيبس العضلات، وعدم استقرار وضعية الجسم، مما يؤدي إلى زيادة احتمالية السقوط وفقدان الاعتماد الذاتي. يوفّر التأهيل القائم على الواقع الافتراضي تدريبًا موجهًا لمهام محددة يعتمد على التغذية الراجعة، مما قد يُحسن التوازن والأداء الوظيفي. ومع ذلك، ما زالت فعاليته مقارنةً بالعلاج التقليدي غير مؤكدة. الهدف: تقييم تأثير التأهيل القائم على الواقع الافتراضي على التحكم في وضعية الجسم والناتج الوظيفي لدى البالغين المصابين بمرض الشلل الرعاش، مقارنة بالعلاج الطبيعي التقليدي. المنهجية: تم إجراء هذه المراجعة المنهجية والتحليل التلوي وفقاً لإرشادات العناصر المفضلة للإبلاغ في المراجعات المنهجية والتحليلات التلوية 2020، وشملت التجارب العشوائية المحكمة التي نُشرت خلال الفترة من عام 2015 إلى عام 2023. تم البحث في قواعد البيانات. قام باحثان اثنان بمراجعة الدراسات واستخلاص البيانات بشكل مستقل. كان النتيجـة الرئيسية هي التحكم في وضعية الجسم، بينما كانت النتيجة الثانوية هي الأداء الوظيفي. تم تقييم الجودة المنهجية باستخدام مقياس بيدرو، كما تم تصنيف مستوى الأدلة وفق مقياس ساكيت المعدل. وتم حساب متوسطات الفروق المجمعة مع فواصل الثقة بنسبة 95%وتم تقييم درجة عدم التجانس باستخدام إحصاء (أي تربيع) النتائج: تم استيفاء معايير الاشتمال في تسع تجارب عشوائية محكمة شملت 360 مشاركًا، وجميعها أظهرت جودة منهجية «جيدة»، حيث تراوحت درجات مقياس بيدرو بين 7 و8. وأظهر التحليل المجمّع لسبع تجارب شملت 293 مشاركا باستخدام مقياس بيرغ للتوازن تحسنًا ملحوظًا في التحكم في وضعية الجسم لصالح الواقع الافتراضي، إذ بلغ متوسط الفرق 2.32، بفاصل ثقة 95٪ يتراوح بين 1.26 و3.38، ومع ذلك، كان متوسط التغير أقل من النطاق المعتمد للحد الأدنى للتغير ذي الأهمية السريرية في مقياس بيرغ للتوازن، والذي يتراوح بين 3.5 و6 نقاط. أظهر الأداء الوظيفي الذي تم تقيمه من خلال اختبار النهوض والمشي في ست تجارب شملت 219 مشاركا، تحسنا لصالح الواقع الافتراضي حيث بلغ متوسط الفرق (-0.61 ثانية) بفاصل ثقة 95% يتراوح بين (- 1.36 إلى 0.15) إلا أن هذا التحسن لم يكن ذا دلالة إحصائية. الخلاصة: أثبت التأهيل القائم على الواقع الافتراضي أنه يحسّن بشكل ملحوظ في التحكم في وضعية الجسم عند مرضى الشلل الرعاش مقارنة بالعلاج التقليدي، بينما ما تزال الأدلة المتعلقة بتحسن الأداء الوظيفي غير حاسمة. وبوجه عام، يُعدّ الواقع الافتراضي وسيلة آمنة وسهلة التطبيق، ويمثل إضافة واعدة للعلاج الطبيعي تهدف إلى تعزيز التعافي الحركي لدى مرضى الشلل الرعاش.
530 _aIssues also as CD.
546 _aText in English and abstract in Arabic & English.
650 0 _aPhysical Therapy
650 0 _aالعلاج الطبيعي
653 1 _aBalance
_afunctional outcome
_aneurorehabilitation
_aParkinson’s disease
_apostural control
_arehabilitation
_avirtual reality
_aالتوازن
_aالناتج الوظيفي
700 0 _aShaimaa Mohamed Abdelmageed
_ethesis advisor.
700 0 _aRowida Abd-Elgalel Sayed
_ethesis advisor.
900 _b01-01-2025
_cShaimaa Mohamed Abdelmageed
_cRowida Abd-Elgalel Sayed
_UCairo University
_FFaculty of Physical Therapy
_DDepartment of Physical Therapy for Neurology and Neurosurgery
905 _aShimaa
_eEman Ghareb
942 _2ddc
_cTH
_e21
_n0
999 _c179455